000 00398pam a2200157a 44500
008 230405s2011 xxu||||| |||| 00| 0 eng d
041 _aENG
100 _aJOSHI M A
245 _aELECTRONICS COMPONENTS &MATERIAL
260 _aMUMBAI
_bSHROFF PUBLI
_c2011
300 _a357p.
440 _aSOURCE=SANKAPAL BOOK SELLERS SANGLI
650 _aVOCATIONAL
690 _aVOCATIONAL
906 _a10355
999 _c790571
_d790571